| 000 | 00508nam a2200193Ia 4500 | ||
|---|---|---|---|
| 005 | 20250326124405.0 | ||
| 008 | 250326s9999 xx 000 0 und d | ||
| 037 | _aTextbook | ||
| 040 |
_aFMSL _beng _cFMSL |
||
| 041 |
_aeng _2eng |
||
| 084 |
_aX:76 L8 _qFMSL |
||
| 100 |
_aWatson D S _9737228 |
||
| 245 | 0 |
_aPrice theory and its uses _cWatson D S; Holman M A |
|
| 250 | _a4 | ||
| 260 |
_aDelhi _bDelhi, Khosla _c1978 |
||
| 300 | _a445p | ||
| 942 |
_cTB _hX:76 L8 |
||
| 999 |
_c1273525 _d1273525 |
||